000 01570nam a2200325 a 4500
001 000000399
003 DO-SdBNP
005 20180402132515.0
007 000000399
008 081127s 1998 dr a 000 j spa d
040 _aBPMSU
_bspa
_cBPMSU
082 4 _a813.3
_bR696m
100 1 _aRodríguez Calcaño, Rafael.
245 1 0 _aMoby Dick /
_cHerman Melville ; versión Rafael Rodríguez Calcaño ; ilustración Dorindo Carvalho
260 _aSanto Domingo :
_bTobogán,
_c1998.
300 _a117 p. :
_bil. ;
_c23 cm.
490 1 _aClásicos universales Tobogán
505 0 _tEn busca de aventura --
_tLa posada del surtidor --
_tEncuentro a Queequeg --
_tNantucket --
_tLa partida --
_tLa tripulación --
_tEl juramento --
_tPrimera botadura --
_tEl surtidor fantasma --
_tHistoria del <<Town-Ho>> --
_tEl gran <<Squid>> --
_tLos piratas --
_tlas extremidades perdidas --
_tStarbuck y el capitán --
_tUn arpón para el cachalote --
_tLa extraña profecía --
_tEncuentro con el <<Raquel>> --
_tPrimer día de caza --
_tSegundo día de caza --
_tTercer día de caza --
_tEpílogo --
650 4 _aCUENTOS INFANTILES ESTADOUNIDENSES
650 4 _aLITERATURA ESTADOUNIDENSE
700 1 _aCarvalho, Dorindo.
_eil.
700 1 _aMelville, Herman
_d1819-1891
_tMoby Dick
830 0 _aClásicos universales Tobogán
910 _aValidado. Control de calidad MFF
942 _2ddc
_cBK
945 _aInventariado, 2018/ YL
956 _aYPOLANCO
_b04
_c20110513
_lBND01
_h1203
956 _aVMATEO
_b10
_c20150223
_lBND01
_h000151
956 _aVMATEO
_b10
_c20150903
_lBPMSU
_h00151
999 _c7492
_d7492